Socializmus-spoločné dielo otcov a synov Na Pražskom hrade sa stretli predstavitelia strany a štátu s mládežou

Bibliographic Details
Main Author: Herzogová, Emília (Author)
Format: Article
Language:Slovak
PhysicalDescription:Obr. 1.
Subjects:

MARC

LEADER 00000nab a2200000 a 4500
001 vtls000000845
003 SK-MaSNL
005 20260305005702.0
008 111103c1978 xo 0 slo
015 |a SNBRB19rr/mm-uuuuu 
035 |a CL0010937 
040 |a SNKBUCL  |b slo  |c SNKBUCL  |e AACR2 
041 0 |a slo 
044 |a xo  |c SK 
080 |a 329.78(437)  |2 1981 
100 1 |a Herzogová, Emília  |4 aut  |9 841541 
245 1 0 |a Socializmus-spoločné dielo otcov a synov  |b Na Pražskom hrade sa stretli predstavitelia strany a štátu s mládežou  |c Emília Herzogová 
300 |b Obr. 1. 
610 2 7 |a Socialistický zväz mládeže  |2 snkbucl  |9 51618 
651 7 |a 3100  |2 snkbucl  |9 920766 
655 7 |a články z novín a časopisov  |2 snkbucl  |9 267496 
773 0 |t Smena  |g Roč. 31, č. 141 (17. 6. 1978), s. 1. a 5 
850 |a Slovenská národná knižnica v Martine  |a MTA001 
852 |a SNK  |b KIS3GCP 
958 |a RK 
992 |a RBX 
999 |c 3241925  |d 3243855